LEADER 01226nam a2200277 i 4500 001 000000144586 003 CaOOAMICUS 005 20180115000000.0 008 180115s2005 it u000 u mul u 013 $a119944 020 $a88-372-2056-1 040 $aSeMil$bita 100 0 $aGregorius : Nazianzenus,$c.$0(OLS)http://semarc/name/1178 245 10$aAutobiografia :$bCarmen de vita sua /$cGregorio di Nazianzo ; a cura di Francesco Trisoglio. 260 $aBrescia :$bMorcelliana,$c2005. 300 $a247 p. ;$c23 cm. 490 0 $aLetteratura cristiana antica. Nuova serie ;$v7 500 $aTesto greco a fronte. 650 4$aAutobiografie.$0(OLS)http://semarc/subject/2396 700 1 $aTrisoglio, Francesco,$c.$0(OLS)http://semarc/name/89886 830 0$aLetteratura cristiana antica. Nuova serie ;$v7.$0(OLS)http://semarc/title/20700 850 $aSeMil 852 $aSeMil$W1$xVenegono$y1$m2TA D 7$j228358$B97484$CSeMilBibl$Z2$F105301 $81 996 $6020$a88-372-2056-1$9(OLS)http://semarc/number/132990 996 $6245$aAutobiografia :$bCarmen de vita sua$9(OLS)http://semarc/title/408636 996 $6260$aBrescia :$bMorcelliana$9(OLS)http://semarc/publisher/29629 LEADER 01186nam a2200229 i 4500 001 000000010048 003 CaOOAMICUS 005 20180830125440.0 008 180830s1989 fr u000 u und u 040 $aSeMil$bita 245 14$aLes canons des conciles mérovingiens (6.-7. siècles) /$cintroduction, traduction et notes par Jean Gaudemet et Brigitte Basdevant. 260 $aParis :$bLes Éditions du Cerf,$c1989. 300 $a2 v. (636 p.) ;$c20 cm. 500 $aIn mezzo ai front. : Texte latin de l'éd. C. de Clercq. 650 4$aConcili - Gallia - Sec. 6.-7. - Documenti.$0(OLS)http://semarc/subject/1578 700 1 $aBasdevant, Brigitte <1947- >.$0(OLS)http://semarc/name/1616 700 1 $aGaudemet, Jean.$0(OLS)http://semarc/name/4914 773 0 $tSources chrétiennes.$dParis : Les Éditions du Cerf, 1941-$kSources chrétiennes$x0750-1978$w()41 774 0 $tTome 1.$kSources chrétiennes$z2-204-03030-9$w()34835 774 0 $tTome 2.$kSources chrétiennes$z2-204-03185-2$w()115388 996 $6245$aLes canons des conciles mérovingiens (6.-7. siècles)$9(OLS)http://semarc/title/13284 996 $6260$aParis :$bLes Éditions du Cerf$9(OLS)http://semarc/publisher/29611